THE STRANGENESS OF TAMIL NADU/ (Record no. 208273)

MARC details
000 -LEADER
fixed length control field 00596nam a22001937a 4500
005 - DATE AND TIME OF LATEST TRANSACTION
control field 20250109122528.0
010 ## - LCCN (DPL NO)
LC control number ENG-143289
020 ## - INTERNATIONAL STANDARD BOOK NUMBER
Terms of availability 795.00
International Standard Book Number 978817824549
035 ## - SYSTEM CONTROL NUMBER
System control number EN-126821
037 ## - SOURCE OF ACQUISITION
Source of stock number/acquisition DBAD/PUB
082 ## - DEWEY DECIMAL CLASSIFICATION NUMBER
Classification number 324.2531083
100 ## - MAIN ENTRY--PERSONAL NAME
Personal name PANDIAN, M.S.S.
245 ## - TITLE STATEMENT
Title THE STRANGENESS OF TAMIL NADU/
Statement of responsibility, etc M.S.S.PANDIAN
260 ## - PUBLICATION, DISTRIBUTION, ETC. (IMPRINT)
Place of publication, distribution, etc ranikhet
Name of publisher, distributor, etc pemanent block
Date of publication, distribution, etc 2019
270 ## - ADDRESS
Address Himlayana mall road ranikhet cantt rantt, ranikher
City ranikhet
Postal code 263645
300 ## - PHYSICAL DESCRIPTION
Extent 250p.
Dimensions 23cm(pb)
700 ## - ADDED ENTRY--PERSONAL NAME
Personal name M.S.S.PANDIAN
9 (RLIN) 61951
942 ## - ADDED ENTRY ELEMENTS (KOHA)
Source of classification or shelving scheme Dewey Decimal Classification
Item type English Books
Call number suffix PAN
Classification part 324.2531083
Holdings
Withdrawn status Lost status Not for loan Home library Current library Date acquired Source of acquisition Cost, normal purchase price Full call number Barcode Copy number Cost, replacement price Koha item type
      Ashok Vihar Ashok Vihar 09/01/2025 DBAD 795.00 PAN 324.2531083 EN-126821 1 795.00 English Books

© Delhi Public Library
Hit Counter
free hit counter